Ligue 1 Champions - Statistics

General Stats
  • This quiz has been taken 357 times
    20 since last reset
  • The average score is 40 of 87
Answer Stats
Year Club % Correct
2026 Paris Saint-Germain
100%
2025 Paris Saint-Germain
94%
2024 Paris Saint-Germain
94%
2023 Paris Saint-Germain
94%
2022 Paris Saint-Germain
94%
2021 Lille OSC
89%
2020* Paris Saint-Germain
89%
2019 Paris Saint-Germain
89%
2018 Paris Saint-Germain
89%
2016 Paris Saint-Germain
89%
2015 Paris Saint-Germain
89%
2014 Paris Saint-Germain
89%
2013 Paris Saint-Germain
89%
2017 AS Monaco
83%
2012 Montpellier HSC
72%
2011 Lille OSC
67%
2009 Girondins de Bordeaux
61%
2010 Olympique de Marseille
61%
2008 Olympique Lyonnais
61%
2007 Olympique Lyonnais
61%
2006 Olympique Lyonnais
61%
2005 Olympique Lyonnais
61%
2004 Olympique Lyonnais
61%
2003 Olympique Lyonnais
61%
2002 Olympique Lyonnais
61%
2000 AS Monaco
50%
1999 Girondins de Bordeaux
50%
1997 AS Monaco
44%
1988 AS Monaco
44%
1982 AS Monaco
44%
2001 FC Nantes
44%
1995 FC Nantes
44%
1987 Girondins de Bordeaux
44%
1985 Girondins de Bordeaux
44%
1984 Girondins de Bordeaux
44%
1992 Olympique de Marseille
44%
1991 Olympique de Marseille
44%
1990 Olympique de Marseille
44%
1989 Olympique de Marseille
44%
1983 FC Nantes
39%
1980 FC Nantes
39%
1977 FC Nantes
39%
1973 FC Nantes
39%
1966 FC Nantes
39%
1994 Paris Saint-Germain
39%
1986 Paris Saint-Germain
39%
1998 RC Lens
39%
1996 AJ Auxerre
33%
1978 AS Monaco
33%
1963 AS Monaco
33%
1961 AS Monaco
33%
1981 AS Saint-Etienne
33%
1976 AS Saint-Etienne
33%
1975 AS Saint-Etienne
33%
1974 AS Saint-Etienne
33%
1968 AS Saint-Etienne
33%
1967 AS Saint-Etienne
33%
1964 AS Saint-Etienne
33%
1957 AS Saint-Etienne
33%
1965 FC Nantes
33%
1950 Girondins de Bordeaux
33%
1948 Olympique de Marseille
33%
1979 RC Strasbourg
33%
1962 Stade de Reims
33%
1960 Stade de Reims
33%
1958 Stade de Reims
33%
1955 Stade de Reims
33%
1953 Stade de Reims
33%
1949 Stade de Reims
33%
1970 AS Saint-Etienne
28%
1969 AS Saint-Etienne
28%
1946 Lille OSC
28%
1959 OGC Nice
28%
1956 OGC Nice
28%
1952 OGC Nice
28%
1951 OGC Nice
28%
1972 Olympique de Marseille
28%
1971 Olympique de Marseille
28%
1937 Olympique de Marseille
28%
1954 Lille OSC
22%
1933 Olympique Lillois
22%
1936 RC Paris
22%
1939 FC Sète
17%
1938 FC Sochaux
17%
1934 FC Sète
11%
1935 FC Sochaux
11%
1947 CO Roubaix-Tourcoing
6%
No matching quizzes found
Score Distribution
Percent of People with Each Score
Percentile by Number Answered
Your Score History
You have not taken this quiz since the last reset